Can you recognise those Black Ops 1 weapons? - Statistics

General Stats
  • This quiz has been taken 14 times
  • The average score is 31 of 43
Answer Stats
Picture Answer % Correct
AK74u
100%
AUG
100%
Famas
100%
Galil
100%
M16
100%
RPG
100%
AK47
91%
China Lake
91%
Commando
91%
Crossbow
91%
M14
91%
Python
91%
SPAS-12
91%
MAC11
82%
MP5k
82%
Olympia
82%
RPK
82%
Uzi
82%
WA2000
82%
CZ75
73%
Dragunov
73%
L96A1
73%
M1911
73%
M60
73%
Makarov
73%
MPL
73%
Skorpion
73%
Stakeout
73%
Enfield
64%
FN FAL
64%
G11
64%
HK21
64%
Spectre
64%
ASP
55%
HS10
55%
M72 Law
55%
Stoner63
55%
Balistic Knife
45%
PM63
45%
Grim Reaper
36%
PSG1
36%
Kiparis
27%
Strela-3
18%
No matching quizzes found
Score Distribution
Percent of People with Each Score
Percentile by Number Answered
Your Score History
You have not taken this quiz